De Mal en Peor: (Registro nro. 11522)

Detalles MARC
000 -LEADER
fixed length control field 01217nam a2200241Ia 4500
003 - CONTROL NUMBER IDENTIFIER
control field OSt
005 - DATE AND TIME OF LATEST TRANSACTION
control field 20210415191127.0
008 - FIXED-LENGTH DATA ELEMENTS--GENERAL INFORMATION
fixed length control field 210310s2004 ck a gr 000 0 spa d
020 ## - INTERNATIONAL STANDARD BOOK NUMBER
International Standard Book Number 9589262481
040 ## - CATALOGING SOURCE
Original cataloging agency CO-JMCR
Transcribing agency CO-JMCR
041 0# - LANGUAGE CODE
Language code of text/sound track or separate title spa
082 04 - DEWEY DECIMAL CLASSIFICATION NUMBER
Classification number 382.917 /
Item number H277m
Edition number 23
100 1# - MAIN ENTRY--PERSONAL NAME
Personal name Herreño, Libardo,
Relator term autor
9 (RLIN) 25747
245 13 - TITLE STATEMENT
Title De Mal en Peor:
Remainder of title TLC Subregionales y Bilaterales El ALCA Por Entregas /
Statement of responsibility, etc. Libardo Herreño, Alberto Cerda, Daniel Álvarez,[y 4 más].
260 ## - PUBLICATION, DISTRIBUTION, ETC.
Place of publication, distribution, etc. Bogotá :
Name of publisher, distributor, etc. Plataforma colombiana de derechos humanos, democracia y desarrollo,
Date of publication, distribution, etc. 2004.
300 ## - PHYSICAL DESCRIPTION
Extent 194 páginas :
Other physical details ilustraciones en blanco y negro ;
Dimensions 17 cm.
490 0# - SERIES STATEMENT
Series statement Alcatmas ;
Volume/sequential designation 13.
505 0# - FORMATTED CONTENTS NOTE
Formatted contents note Aplicaciones jurídicas. -- ¿Son compatibles los TLC con el derecho internacionales de los derechos humanos?. -- Exigibilidad del tratado de libre comercio. -- Las implicaciones de la sanción legislativa del ALCA. -- Impactos de ls acuerdos de libre comercio sobre el medio ambiente. -- Reflexiones sobre el Cafta y el TLC Chile-EUA.
650 14 - SUBJECT ADDED ENTRY--TOPICAL TERM
Topical term or geographic name entry element Tratado de libre comercio
Geographic subdivision Chile
9 (RLIN) 25749
700 1# - ADDED ENTRY--PERSONAL NAME
Personal name Cerda, Alberto,
Relator term autor
9 (RLIN) 36901
700 1# - ADDED ENTRY--PERSONAL NAME
Personal name Álvarez, Daniel,
Relator term autor
9 (RLIN) 36902
942 ## - ADDED ENTRY ELEMENTS (KOHA)
Source of classification or shelving scheme Dewey Decimal Classification
Koha item type Books
Existencias
Withdrawn status Lost status Source of classification or shelving scheme Damaged status Not for loan Home library Current library Shelving location Date acquired Source of acquisition Full call number Barcode Date last seen Copy number Price effective from Koha item type
    Dewey Decimal Classification     Biblioteca Pública José María del Castillo y Rada Biblioteca Pública José María del Castillo y Rada General Stacks 04/15/2018 Donación 382.917 / H277m 430010908 05/16/2024 Ej.1 03/10/2021 Books